Ever green: (Record no. 56011)

000 -LEADER
fixed length control field 00396nam a22001577a 4500
082 ## - DEWEY DECIMAL CLASSIFICATION NUMBER
Classification number 780.954 87
Item number THY/E
100 ## - MAIN ENTRY--AUTHOR NAME
Personal name Thyagarajan
245 ## - TITLE STATEMENT
Title Ever green:
Sub Title lyrics and notations of carnatic classical songs/
Statement of responsibility, etc by Thyagarajan
250 ## - EDITION STATEMENT
Edition statement 3rd
260 ## - PUBLICATION, DISTRIBUTION, ETC. (IMPRINT)
Place of publication Chennai:
Name of publisher SN Publications,
Year of publication 2013.
300 ## - PHYSICAL DESCRIPTION
Number of Pages 62p.
650 ## - SUBJECT ADDED ENTRY--TOPICAL TERM
Topical Term Carnatic Music
650 ## - SUBJECT ADDED ENTRY--TOPICAL TERM
Topical Term Music
650 ## - SUBJECT ADDED ENTRY--TOPICAL TERM
Topical Term Arts
942 ## - ADDED ENTRY ELEMENTS (KOHA)
Koha item type Book
Holdings
Withdrawn status Lost status Damaged status Not for loan Permanent Location Current Location Shelving location Date acquired Cost, normal purchase price Full call number Accession Number Price effective from Koha item type
        Sree Sankaracharya University of Sanskrit Sree Sankaracharya University of Sanskrit Stacks 24.08.2015 150.00 780.95487 THI/E 078114 24.08.2015 Book